| 000 | 00874nam a22002892a 4500 | ||
|---|---|---|---|
| 001 | 16604 | ||
| 003 | BD-RjUL | ||
| 005 | 20211209000029.0 | ||
| 008 | 140215r1947 1924 enk 00 0 eng u | ||
| 035 | _a(BD-RjUL)16659 | ||
| 040 |
_aOUN _dEQO _beng _cBD-RjUL |
||
| 041 | _aeng | ||
| 082 |
_a780.2 _bBUS 1947 |
||
| 090 |
_aML60 _b.B9 1927x |
||
| 100 | 1 |
_aBuck, Percy C. _q(Percy Carter), _d1871-1947. _951295 |
|
| 245 | 1 | 4 |
_aThe scope of music / _cby Percy C. Buck |
| 250 | _a2d ed | ||
| 260 |
_aLondon : _bH. Milford, Oxford university press, _c1927 [Impression 1947] |
||
| 300 |
_a135 p. : _billus. (incl. music) ; _c23 cm |
||
| 500 | _aCramb lectures, University of Glasgow, 1923 | ||
| 504 | _aBibliography: p. [133]-135 | ||
| 650 | 0 |
_aMusic _951296 |
|
| 650 | 0 |
_aMusic _951297 |
|
| 830 | 0 |
_v1923. _951302 |
|
| 830 | 0 |
_aCramb lectures ; _951299 |
|
| 942 |
_2ddc _cBK |
||
| 999 |
_c16604 _d16604 |
||